Estrada de ferro Norte Matto Grosso / (Record no. 1307)

MARC details
000 -LÍDER
Campo Fixo de Controle 00708nam a2200229 a 4500
001 - NÚMERO DE CONTROLE
Campo de Controle 1307
003 - IDENTIFICAÇÃO DO NÚMERO DE CONTROLE
Campo de Controle BR-CuiBMT
005 - DATA E HORA DA ÚLTIMA ATUALIZAÇÃO
Campo de Controle 20231208001835.0
008 - DADOS FIXOS
Dados Fixos 231204s2006 mtba 000 0 por d
040 ## - AGÊNCIA CATALOGADORA
Código da Agência Catalogadora BR-CuiBMT
Agência que transcreveu o registro BR-CuiBMT
080 ## - Nº DA CLASSIFICAÇÃO DECIMAL UNIVERSAL
Nº Class. CDU 94:625.1
Subd. Auxiliar Comum (817.2)
-- (091)
Nº edição CDU 2007
090 ## - NÚMERO DE CHAMADA
Nº classificação 94:625.1(817.2)(091)
Cutter M838e
100 1# - ENTRADA PRINCIPAL -- AUTOR PESSOAL
Nome pessoal Moreira, Oscar
245 10 - TÍTULO PRINCIPAL
Título principal Estrada de ferro Norte Matto Grosso /
Indicação de responsabilidade Oscar Moreira.
260 ## - PUBLICAÇÃO, DISTRIBUIÇÃO, ETC.
Local de publicação Cuiabá :
Editora IHGMT,
Data 2006.
300 ## - DESCRIÇÃO FÍSICA
N. páginas ou volumes 69 p. :
Ilustrações il. ;
Dimensões 21 cm
490 1# - INDICAÇÃO DE SÉRIE
Título da série Publicações avulsas ;
Volume/designação sequencial da série v. 68
650 ## - ASSUNTO TÓPICO
Cabeçalho tópico ou nome geográfico Ferrovia
Subdivisão geral História
Subdivisão geográfica Mato Grosso
650 ## - ASSUNTO TÓPICO
Cabeçalho tópico ou nome geográfico Estrada de ferro
Subdivisão geral História
Subdivisão geográfica Mato Grosso
830 #0 - ENTRADA SECUNDÁRIA DE SÉRIE -- TÍTULO UNIFORME
Título uniforme Publicações avulsas ;
Nº do volume/designação sequencial da série 68
942 ## - ELEMENTOS DE ENTRADA ADICIONAIS (KOHA)
Fonte de classificação ou esquema de arquivamento Classificação Decimal Universal
Tipo de item do Koha Livros
Holdings
Estado: removido Estado: perdido Fonte de classificação ou esquema de arquivamento Estado: danificado Indisponível para empréstimo Localização permanente Localização atual Data de aquisição Total Checkouts Número de Chamada completo Código de barras Date last seen Número do exemplar Preço efetivo a partir de Tipo de item (Koha)
    Classificação Decimal Universal     Biblioteca da Escola Superior de Contas do TCE/MT Biblioteca da Escola Superior de Contas do TCE/MT 04/12/2023   94:625.1(817.2)(091) M838e BIBTCEMT23120149 04/12/2023 Ex. 1 04/12/2023 Livros
    Classificação Decimal Universal     Biblioteca da Escola Superior de Contas do TCE/MT Biblioteca da Escola Superior de Contas do TCE/MT 05/12/2023   94:625.1(817.2)(091) M838e BIBTCEMT23120205 05/12/2023 Ex. 2 05/12/2023 Livros
    Classificação Decimal Universal     Biblioteca da Escola Superior de Contas do TCE/MT Biblioteca da Escola Superior de Contas do TCE/MT 05/12/2023   94:625.1(817.2)(091) M838e BIBTCEMT23120206 05/12/2023 Ex. 3 05/12/2023 Livros

Powered by Koha